000 nam a22 a 4500
999 _c164311
_d164311
003 BLK
005 20220705092003.0
008 180410b bul|||||r ||||||| ||bul||
010 _aKNG00171821000
040 _aBLK
041 _aBUL
_cBUL
080 _aВътрешна търговия. Вж и 347.7 ; 657 ; 658
_b339.3
_x(075.8)
_z339.3(075.8)
080 _b658.6/.8
_x:339.3(075.8)
_z658.6/.8:339.3(075.8)
100 1 _aВиденов, Иван
_eпърви автор
_9336318
139 _aВиденов, Иван
_bВ 57
245 1 0 _aИкономика и организация на вътрешната търговия в България
_bУчебник за студентите от висшите икон. инст. : Ч. 1 -
_cИван Виденов; съавт. Ангел Чаушев; съавт. Георги Петров.
_nЧ. 2
257 _aBGR
260 _aСофия
_bНаука и изкуство
_c1970
_fПлевен : Ал. Пъшев
300 _c23 см
380 _a3
650 4 _aВътрешна търговия - икономика
_9275989
650 4 _aВътрешна търговия - организация
_9275446
700 1 _aЧаушев, Ангел
_eсъавт.
_9275445
700 1 _aПетров, Георги
_eсъавт.
_9366355
760 1 _aВиденов, Иван
_d1971
_h269 с. : с табл.
_n3 066 тир.
_tЧ. 2
852 _aЦб 55311
_bЦб
856 4 _qpdf
856 4 _qpdf
942 _cKNG
_n0
_s1
944 _aCR
_c21.02.2015
_l21.02.2015 - от С1,Р / 21.02.2015
_kЛюбка_Николова
944 _aED
_c2022-07-05
_kир
999 _d164311